Capitals by First and Last Letter #2 - Statistics

General Stats
  • This quiz has been taken 760 times
    756 since last reset
  • The average score is 10 of 22
Answer Stats
First Capital Last % Correct
U Ulaanbaatar R
66%
B Beijing G
62%
C Conakry Y
58%
V Vientiane E
58%
K Kathmandu U
57%
A Antananarivo O
55%
L Luxembourg G
51%
Y Yamoussoukro O
51%
T Tokyo O
50%
H Harare E
49%
M Muscat T
49%
N Naypyidaw W
49%
D Dushanbe E
46%
V Vatican City Y
46%
C Copenhagen N
37%
B Bangui I
31%
S Stockholm M
31%
M Mexico City Y
28%
T Thimphu U
28%
N Nassau U
25%
P Port-of-Spain N
15%
S San Salvador R
15%
No matching quizzes found
Score Distribution
Percent of People with Each Score
Percentile by Number Answered
Your Score History
You have not taken this quiz since the last reset